[Event "Sao Paulo Sampa op"]
[Site "Sao Paulo"]
[Date "2024.01.30"]
[Round "3"]
[White "Ticona Rocabado, Licael Roderick"]
[Black "Shumyatsky, Victor"]
[Result "1/2-1/2"]
[WhiteElo "2371"]
[BlackElo "2457"]
[PlyCount "97"]
[EventDate "2024.01.29"]
[EventType "swiss"]
[EventRounds "9"]
[EventCountry "BRA"]
[SourceTitle "CB06_2024"]
[SourceDate "2024.02.07"]
[SourceVersion "1"]
[SourceVersionDate "2024.02.07"]
[SourceQuality "1"]

1. d4 Nf6 2. c4 e6 3. e3 b6 4. Nf3 Bb7 5. Nbd2 g6 6. Be2 Bg7 7. 0-0 0-0 8. b3 d6 9. Bb2 Nbd7 10. Qc2 c5 11. Rfd1 Qc7 12. Rac1 Rac8 13. Nf1 Qb8 14. Qb1 cxd4 15. Nxd4 a6 16. Bf3 Rfd8 17. Ng3 Ne5 18. Bxb7 Qxb7 19. Nde2 h5 20. h3 h4 21. Nf1 g5 22. Nh2 Qe4 23. Bxe5 dxe5 24. Nf3 Rxd1+ 25. Rxd1 Qxb1 26. Rxb1 e4 27. Nfd4 Bf8 28. Rd1 Be7 29. Kf1 Kf8 30. g4 Ke8 31. Kg2 Rd8 32. Nc3 Bb4 33. Nc6 Rxd1 34. Nxd1 Bd6 35. b4 Kd7 36. b5 axb5 37. cxb5 Bc7 38. f3 Kd6 39. Nc3 exf3+ 40. Kxf3 Kc5 41. Nd4 Kc4 42. Ne4 Nxe4 43. Kxe4 Bd8 44. Nc6 Bf6 45. a4 Kc5 46. Kd3 Kd6 47. Ke4 Kc5 48. Kd3 Kd6 49. Ke4 1/2-1/2

[Event "Niteroi op 3rd"]
[Site "Niteroi"]
[Date "2023.09.10"]
[Round "9"]
[White "Quintiliano Pinto, Renato Rodrigues"]
[Black "Shumyatsky, Victor"]
[Result "1/2-1/2"]
[WhiteElo "2500"]
[BlackElo "2468"]
[PlyCount "111"]
[EventDate "2023.09.04"]
[EventType "swiss"]
[EventRounds "9"]
[EventCountry "BRA"]
[SourceTitle "EXT 2024"]
[Source "ChessBase"]
[SourceDate "2023.10.10"]
[SourceVersion "1"]
[SourceVersionDate "2023.10.10"]
[SourceQuality "1"]

1. d4 e6 2. c4 f5 3. g3 Nf6 4. Bg2 d5 5. Nf3 c6 6. 0-0 Bd6 7. b3 Qe7 8. Bb2 b6 9. Ne5 Bb7 10. Nd2 0-0 11. Ndf3 Nbd7 12. Rc1 Rac8 13. e3 Ne4 14. Nxd7 Qxd7 15. Ne5 Bxe5 16. dxe5 c5 17. f3 Ng5 18. Qd2 h6 19. h4 Nf7 20. cxd5 Qxd5 21. Qe2 a5 22. Rf2 Qd7 23. f4 Bxg2 24. Rxg2 h5 25. Qxh5 Qd3 26. Qe2 Rcd8 27. Re1 Nh6 28. e4 fxe4 29. Qxe4 Ng4 30. Rge2 Qxe4 31. Rxe4 Kh7 32. f5 exf5 33. R4e2 Rd3 34. Kg2 Re8 35. e6 Kg8 36. Bc1 Nf6 37. Re5 g6 38. e7 Kf7 39. Bf4 Rd7 40. h5 Nxh5 41. Bg5 Nf6 42. Bxf6 Kxf6 43. Re6+ Kf7 44. Rxb6 Rd2+ 45. Kf3 Rxe7 46. Rxe7+ Kxe7 47. Rc6 Rxa2 48. Rxc5 Kf6 49. g4 Kg5 50. gxf5 gxf5 51. Rc8 Ra3 52. Rg8+ Kf6 53. Rf8+ Ke6 54. Re8+ Kd5 55. Kf4 Kd4 56. Rb8 1/2-1/2

[Event "Niteroi op 3rd"]
[Site "Niteroi"]
[Date "2023.09.07"]
[Round "5"]
[White "Marcolino, Antonio Claudio H"]
[Black "Shumyatsky, Victor"]
[Result "0-1"]
[WhiteElo "1953"]
[BlackElo "2468"]
[PlyCount "62"]
[EventDate "2023.09.04"]
[EventType "swiss"]
[EventRounds "9"]
[EventCountry "BRA"]
[SourceTitle "EXT 2024"]
[Source "ChessBase"]
[SourceDate "2023.10.10"]
[SourceVersion "1"]
[SourceVersionDate "2023.10.10"]
[SourceQuality "1"]

1. d4 e6 2. c4 f5 3. g3 Nf6 4. Bg2 d5 5. Bf4 Be7 6. Nc3 c6 7. Nf3 0-0 8. 0-0 Qe8 9. Rb1 Ne4 10. Qc1 Nd7 11. c5 Bf6 12. Qe3 b6 13. Nxe4 fxe4 14. Ne5 bxc5 15. Nxd7 Bxd4 16. Nxf8 Bxe3 17. fxe3 Qxf8 18. Be5 Qe7 19. Rf2 Bd7 20. Rbf1 Be8 21. h4 Bg6 22. Bh3 Rd8 23. g4 Qxh4 24. Kg2 Qg5 25. Bd6 h6 26. Bc7 Re8 27. Bf4 Qd8 28. Be5 d4 29. Rd1 Qd5 30. Bf4 Rf8 31. Kg3 e5 0-1

[Event "Niteroi op 3rd"]
[Site "Niteroi"]
[Date "2023.09.07"]
[Round "6"]
[White "Shumyatsky, Victor"]
[Black "Lage, Pedro Ferreira"]
[Result "0-1"]
[WhiteElo "2468"]
[BlackElo "2130"]
[PlyCount "76"]
[EventDate "2023.09.04"]
[EventType "swiss"]
[EventRounds "9"]
[EventCountry "BRA"]
[SourceTitle "EXT 2024"]
[Source "ChessBase"]
[SourceDate "2023.10.10"]
[SourceVersion "1"]
[SourceVersionDate "2023.10.10"]
[SourceQuality "1"]

1. d4 Nf6 2. Nf3 c5 3. b3 cxd4 4. Qxd4 Nc6 5. Qb2 d5 6. Bf4 g6 7. Nbd2 Bg7 8. c3 0-0 9. Rd1 Nh5 10. Bg3 Qa5 11. Rc1 e5 12. e3 f5 13. b4 Qb6 14. a4 f4 15. exf4 Nxf4 16. b5 e4 17. Bxf4 Rxf4 18. Qa2 Ne7 19. a5 Qf6 20. Nd4 Rxf2 21. Be2 Rxg2 22. Nxe4 Qf4 23. Qc2 Qxe4 24. Qxe4 dxe4 25. Bc4+ Kh8 26. Ne2 Be5 27. Rd1 Bg4 28. Kf1 Rxh2 29. Rxh2 Bxh2 30. Rd4 Bf5 31. Rd2 Rf8 32. Kg2 Be5 33. Nd4 e3 34. Re2 Be4+ 35. Kg1 Bxd4 36. cxd4 Nf5 37. Kh2 Rd8 38. Be6 Bd3 0-1

[Event "Niteroi op 3rd"]
[Site "Niteroi"]
[Date "2023.09.04"]
[Round "1"]
[White "Rodrigues, Julliano de Araujo"]
[Black "Shumyatsky, Victor"]
[Result "0-1"]
[WhiteElo "1735"]
[BlackElo "2468"]
[PlyCount "48"]
[EventDate "2023.09.04"]
[EventType "swiss"]
[EventRounds "9"]
[EventCountry "BRA"]
[SourceTitle "EXT 2024"]
[Source "ChessBase"]
[SourceDate "2023.10.10"]
[SourceVersion "1"]
[SourceVersionDate "2023.10.10"]
[SourceQuality "1"]

1. e4 c5 2. Nf3 Nc6 3. d4 cxd4 4. Nxd4 Nf6 5. Nc3 d6 6. Bg5 Bd7 7. Qd2 Rc8 8. Bxf6 gxf6 9. Nxc6 bxc6 10. Bc4 Rg8 11. g3 Qa5 12. 0-0-0 Rb8 13. f4 e6 14. Kb1 Be7 15. Bb3 f5 16. exf5 Qxf5 17. Qd3 Qxd3 18. Rxd3 d5 19. Re1 Bb4 20. Re5 Kf8 21. a3 Be7 22. Rd2 Bf6 23. Re3 c5 24. Ne4 Bd4 0-1

[Event "Brasilia Terraviva op"]
[Site "Brasilia"]
[Date "2018.01.14"]
[Round "6"]
[White "Shumyatsky, Victor"]
[Black "Delgado Ramirez, Neuris"]
[Result "1/2-1/2"]
[WhiteElo "2466"]
[BlackElo "2602"]
[PlyCount "91"]
[EventDate "2018.01.11"]
[EventType "swiss"]
[EventRounds "7"]
[EventCountry "BRA"]
[SourceTitle "CBM 182 Extra"]
[Source "ChessBase"]
[SourceDate "2018.02.23"]
[SourceVersion "1"]
[SourceVersionDate "2018.02.23"]
[SourceQuality "1"]

1. Nf3 Nf6 2. c4 e6 3. g3 a6 4. Bg2 b5 5. Nd4 d5 6. cxb5 axb5 7. Nxb5 c5 8. 0-0 Be7 9. d3 Qb6 10. N5c3 0-0 11. b3 Rd8 12. Nd2 Ba6 13. Bb2 Nc6 14. Na4 Qa7 15. Rc1 Bb5 16. Nc3 Ba6 17. Re1 Rab8 18. Ba1 Nb4 19. a3 Nc6 20. Qc2 Nd4 21. Qa2 Ng4 22. Nd1 Ne5 23. Nb2 Ndc6 24. Na4 Bxd3 25. exd3 Nxd3 26. Rcd1 Nxe1 27. Rxe1 c4 28. bxc4 Qxa4 29. cxd5 Na5 30. dxe6 f6 31. Ne4 Rd1 32. Bc3 Rxe1+ 33. Bxe1 Qd1 34. Kf1 Qd3+ 35. Qe2 Qxe2+ 36. Kxe2 Nb3 37. a4 Nd4+ 38. Kd3 Nxe6 39. a5 Nc7 40. Kc4 Kf7 41. Bc3 Rc8 42. Bh3 Ne6+ 43. Kb5 Rb8+ 44. Kc4 Rc8+ 45. Kb5 Rb8+ 46. Kc4 1/2-1/2

[Event "Florianopolis 4th"]
[Site "Florianopolis"]
[Date "2017.02.01"]
[Round "9"]
[White "Trois, Francisco R Torres"]
[Black "Shumyatsky, Victor"]
[Result "0-1"]
[WhiteElo "2218"]
[BlackElo "2452"]
[PlyCount "48"]
[EventDate "2017.01.27"]
[EventType "tourn"]
[EventRounds "9"]
[EventCountry "BRA"]
[EventCategory "7"]
[SourceTitle "CBM 176 Extra"]
[Source "ChessBase"]
[SourceDate "2017.03.02"]
[SourceVersion "1"]
[SourceVersionDate "2017.03.02"]
[SourceQuality "1"]

1. d4 Nf6 2. Nf3 e6 3. g3 b6 4. Bg2 Bb7 5. 0-0 c5 6. c4 cxd4 7. Qxd4 Be7 8. Nc3 d6 9. e4 a6 10. Rd1 Nbd7 11. b3 Qc8 12. Qe3 0-0 13. Bb2 Qc7 14. Rac1 Rfe8 15. Nd4 Rad8 16. Re1 Qb8 17. h3 Bf8 18. Kh2 g6 19. Rcd1 Bg7 20. Qd2 h5 21. Kh1 Qa8 22. Re2 Nc5 23. Rde1 b5 24. b4 bxc4 0-1

[Event "Florianopolis 4th"]
[Site "Florianopolis"]
[Date "2017.01.31"]
[Round "8"]
[White "Shumyatsky, Victor"]
[Black "Guimaraes, Diogo Duarte"]
[Result "1-0"]
[WhiteElo "2452"]
[BlackElo "2219"]
[PlyCount "145"]
[EventDate "2017.01.27"]
[EventType "tourn"]
[EventRounds "9"]
[EventCountry "BRA"]
[EventCategory "7"]
[SourceTitle "CBM 176 Extra"]
[Source "ChessBase"]
[SourceDate "2017.03.02"]
[SourceVersion "1"]
[SourceVersionDate "2017.03.02"]
[SourceQuality "1"]

1. c4 c6 2. d4 d5 3. cxd5 cxd5 4. Nc3 Nf6 5. Nf3 Nc6 6. Bf4 a6 7. e3 Bf5 8. Be2 h6 9. 0-0 e6 10. Qb3 Bd6 11. Ne5 0-0 12. Nxc6 bxc6 13. Bxd6 Qxd6 14. Na4 Rfb8 15. Qd1 Nd7 16. Rc1 e5 17. b3 exd4 18. Qxd4 Rb4 19. Qc3 Nb8 20. Nc5 a5 21. Rfd1 Nd7 22. Na4 Nb6 23. Nc5 Nd7 24. Nd3 Rb6 25. Nb2 Qa3 26. Na4 Rbb8 27. Qa1 Nb6 28. Nc5 a4 29. b4 Nc4 30. e4 Qxb4 31. Bxc4 dxc4 32. Qd4 Rd8 33. Qxd8+ Rxd8 34. Rxd8+ Kh7 35. exf5 Qxc5 36. Rd2 Qxf5 37. Rdc2 Qd5 38. Rxc4 a3 39. h3 f5 40. g3 h5 41. R1c2 g5 42. Rxc6 h4 43. Rc7+ Kg8 44. gxh4 gxh4 45. R2c5 Qe4 46. Rd7 Qe1+ 47. Kg2 Qe4+ 48. Kh2 Qe8 49. Rb7 Qd8 50. Kg2 Qg5+ 51. Kf3 Qd8 52. Rcc7 Qd3+ 53. Kf4 Qd4+ 54. Kg5 Qd8+ 55. Kg6 Qd6+ 56. Kh5 Qd1+ 57. Kxh4 Qd8+ 58. Kh5 Qd1+ 59. Kg6 Qd6+ 60. Kg5 Qd2+ 61. f4 Qd8+ 62. Re7 Kf8 63. Kg6 Qd6+ 64. Kh7 Qxf4 65. Rf7+ Ke8 66. Kg8 Qg3+ 67. Rg7 Qf4 68. Rbe7+ Kd8 69. Ref7 Qc4 70. Kh8 Qh4+ 71. Rh7 Qd4+ 72. Kg8 Qc4 73. Rh8 1-0

[Event "Florianopolis 4th"]
[Site "Florianopolis"]
[Date "2017.01.29"]
[Round "4"]
[White "Molina, Roberto Junio Brito"]
[Black "Shumyatsky, Victor"]
[Result "0-1"]
[WhiteElo "2440"]
[BlackElo "2452"]
[PlyCount "108"]
[EventDate "2017.01.27"]
[EventType "tourn"]
[EventRounds "9"]
[EventCountry "BRA"]
[EventCategory "7"]
[SourceTitle "CBM 176 Extra"]
[Source "ChessBase"]
[SourceDate "2017.03.02"]
[SourceVersion "1"]
[SourceVersionDate "2017.03.02"]
[SourceQuality "1"]

1. d4 Nf6 2. c4 e6 3. Nf3 b6 4. g3 Ba6 5. Qa4 Bb7 6. Bg2 c5 7. dxc5 bxc5 8. 0-0 Be7 9. Nc3 0-0 10. Rd1 Qb6 11. Bf4 d6 12. Rab1 Bc6 13. Qc2 Rd8 14. Rd2 h6 15. Rbd1 Bb7 16. Qb3 Ne8 17. Qxb6 axb6 18. b3 Na6 19. Ne1 Bxg2 20. Kxg2 g5 21. Be3 Nac7 22. f4 f5 23. fxg5 hxg5 24. g4 Bf6 25. Na4 f4 26. Bg1 b5 27. cxb5 Nxb5 28. Nd3 Nec7 29. Nf2 e5 30. Ne4 Be7 31. e3 Kf7 32. Nb6 d5 33. Nxa8 Rxa8 34. Rxd5 Nxd5 35. Rxd5 Rxa2+ 36. Kf3 Ke6 37. Rd2 Ra3 38. exf4 Rxb3+ 39. Kg2 gxf4 40. Bxc5 Nc3 41. Nxc3 Bxc5 42. Ne4 Be7 43. Kf1 Rb4 44. Nc3 e4 45. Nd5 Rb1+ 46. Kg2 f3+ 47. Kg3 Bc5 48. Nf4+ Ke7 49. Rc2 Rg1+ 50. Kh4 f2 51. Rxc5 f1Q 52. Re5+ Kd6 53. Rxe4 Qf3 54. Rd4+ Ke5 0-1

[Event "Florianopolis op 3rd"]
[Site "Florianopolis"]
[Date "2017.01.26"]
[Round "10"]
[White "Madeira, Wagner Martins"]
[Black "Shumyatsky, Victor"]
[Result "0-1"]
[WhiteElo "2157"]
[BlackElo "2452"]
[PlyCount "110"]
[EventDate "2017.01.20"]
[EventType "swiss"]
[EventRounds "10"]
[EventCountry "BRA"]
[SourceTitle "CBM 176 Extra"]
[Source "ChessBase"]
[SourceDate "2017.03.02"]
[SourceVersion "1"]
[SourceVersionDate "2017.03.02"]
[SourceQuality "1"]

1. e4 c5 2. Nf3 e6 3. d4 cxd4 4. Nxd4 Nc6 5. Nc3 d6 6. g3 Nf6 7. Bg2 Bd7 8. 0-0 Be7 9. Be3 0-0 10. f4 Nxd4 11. Bxd4 Bc6 12. Qe2 a6 13. Rad1 Qc7 14. e5 dxe5 15. Bxe5 Qb6+ 16. Kh1 Rad8 17. Ne4 Nxe4 18. Bxe4 f6 19. Bc3 Bb5 20. Bd3 Qc6+ 21. Qg2 Qxg2+ 22. Kxg2 Bxd3 23. Rxd3 Rxd3 24. cxd3 Rd8 25. Rd1 b5 26. a3 Rc8 27. Rc1 Kf7 28. Kf3 Ke8 29. Bd2 Rxc1 30. Bxc1 Kd7 31. Bd2 Bc5 32. Bc3 Kd6 33. d4 Bb6 34. Ke4 f5+ 35. Kd3 Kd5 36. b3 g6 37. a4 bxa4 38. bxa4 Bd8 39. Bd2 Be7 40. h4 Bd8 41. Bb4 Bc7 42. Bd2 Bb6 43. Bc3 h6 44. a5 Bc7 45. Bb4 Bd8 46. Bd2 Be7 47. Bc3 Ba3 48. Bd2 Bd6 49. Bc3 Be7 50. Bd2 Ba3 51. Bc3 Bc1 52. Bb4 Kc6 53. Kc4 Be3 54. Be1 Bg1 55. Kc3 Kd5 0-1

[Event "Florianopolis op 3rd"]
[Site "Florianopolis"]
[Date "2017.01.24"]
[Round "7"]
[White "Shumyatsky, Victor"]
[Black "Cruz, William Ferreira Da"]
[Result "1-0"]
[WhiteElo "2452"]
[BlackElo "2241"]
[PlyCount "145"]
[EventDate "2017.01.20"]
[EventType "swiss"]
[EventRounds "10"]
[EventCountry "BRA"]
[SourceTitle "CBM 176 Extra"]
[Source "ChessBase"]
[SourceDate "2017.03.02"]
[SourceVersion "1"]
[SourceVersionDate "2017.03.02"]
[SourceQuality "1"]

1. b3 e5 2. Bb2 d6 3. e3 Nf6 4. Nf3 g6 5. d4 exd4 6. Nxd4 Bg7 7. c4 0-0 8. Be2 Nbd7 9. 0-0 Ne4 10. Qc2 Re8 11. Nc3 Nxc3 12. Bxc3 Nc5 13. Bf3 Qe7 14. Rad1 Ne4 15. Bxe4 Qxe4 16. Qxe4 Rxe4 17. Nb5 Re7 18. c5 Bxc3 19. cxd6 cxd6 20. Nxc3 Be6 21. Nb5 d5 22. Rc1 Kf8 23. Rc3 Rd7 24. Rfc1 a6 25. Nd4 Ke7 26. Kf1 Kd6 27. Ke2 Rdd8 28. Rc7 Rd7 29. R7c5 Re8 30. Kd2 Ree7 31. Rc8 Rc7 32. Rd8+ Red7 33. Rxc7 Kxc7 34. Rh8 h5 35. f4 Re7 36. Rf8 Bd7 37. h3 Kd6 38. a3 Be8 39. g4 hxg4 40. hxg4 Bd7 41. g5 Bg4 42. Rd8+ Rd7 43. Rxd7+ Bxd7 44. Nf3 Bf5 45. Kc3 a5 46. b4 axb4+ 47. axb4 b6 48. Kd4 Be6 49. Ne5 Ke7 50. Nd3 Kd6 51. Nc1 Bd7 52. Ne2 b5 53. Nc1 Bf5 54. Nb3 Bd7 55. Nc5 Bc8 56. e4 dxe4 57. Nxe4+ Ke6 58. Kc5 Bd7 59. Nf6 Bc8 60. Kxb5 Kf5 61. Kc6 Kxf4 62. b5 Bh3 63. Kd6 Kxg5 64. b6 Bc8 65. Kc7 Kxf6 66. Kxc8 Kg5 67. b7 f5 68. b8Q f4 69. Qb7 Kg4 70. Qg2+ Kf5 71. Kd7 g5 72. Kd6 g4 73. Qd5+ 1-0

[Event "Brasilia Terraviva op"]
[Site "Brasilia"]
[Date "2017.01.08"]
[Round "6"]
[White "Delgado Ramirez, Neuris"]
[Black "Shumyatsky, Victor"]
[Result "1/2-1/2"]
[WhiteElo "2615"]
[BlackElo "2452"]
[PlyCount "32"]
[EventDate "2017.01.06"]
[EventType "swiss"]
[EventRounds "6"]
[EventCountry "BRA"]
[SourceTitle "CBM 176 Extra"]
[Source "ChessBase"]
[SourceDate "2017.03.02"]
[SourceVersion "1"]
[SourceVersionDate "2017.03.02"]
[SourceQuality "1"]

1. e4 c5 2. Nf3 e6 3. Nc3 d6 4. g3 Nf6 5. Bg2 Nc6 6. 0-0 Be7 7. d3 0-0 8. Re1 Rb8 9. e5 dxe5 10. Nxe5 Nxe5 11. Rxe5 b6 12. Re1 Bb7 13. Bf4 Bd6 14. Bxb7 Rxb7 15. Qf3 Rb8 16. Bxd6 Qxd6 1/2-1/2

[Event "Brasilia Terraviva op"]
[Site "Brasilia"]
[Date "2017.01.06"]
[Round "1"]
[White "Shumyatsky, Victor"]
[Black "Fontenele, Edson Guilherme Lop"]
[Result "1-0"]
[WhiteElo "2452"]
[BlackElo "1723"]
[PlyCount "73"]
[EventDate "2017.01.06"]
[EventType "swiss"]
[EventRounds "6"]
[EventCountry "BRA"]
[SourceTitle "CBM 176 Extra"]
[Source "ChessBase"]
[SourceDate "2017.03.02"]
[SourceVersion "1"]
[SourceVersionDate "2017.03.02"]
[SourceQuality "1"]

1. e4 g6 2. d4 Bg7 3. Nc3 d6 4. Bg5 Nd7 5. Qd2 Ngf6 6. 0-0-0 0-0 7. Bh6 c5 8. Bxg7 Kxg7 9. dxc5 Nxc5 10. e5 Nfe4 11. Nxe4 Nxe4 12. Qd4 Bf5 13. f3 Nc5 14. exd6+ Kg8 15. g4 Ne6 16. Qe3 Bxc2 17. Kxc2 exd6 18. Kb1 Re8 19. Ne2 b5 20. Qd2 Qf6 21. Nc3 Rab8 22. Nd5 Qg7 23. Qc3 Qxc3 24. bxc3 Kg7 25. Bg2 a5 26. Rhe1 Red8 27. f4 b4 28. cxb4 axb4 29. Re3 Nc5 30. Bf1 b3 31. a3 Rd7 32. Nb4 Ra8 33. Kb2 Rda7 34. Bg2 Nb7 35. Rxb3 Re8 36. Bxb7 Rxb7 37. Nc2 1-0

[Event "BRA-ch U26"]
[Site "Cuiaba"]
[Date "2016.11.06"]
[Round "7"]
[White "Rocha, Vitor Firmo de Souz"]
[Black "Shumyatsky, Victor"]
[Result "1/2-1/2"]
[WhiteElo "2134"]
[BlackElo "2446"]
[PlyCount "103"]
[EventDate "2016.11.03"]
[EventType "swiss"]
[EventRounds "7"]
[EventCountry "BRA"]
[SourceTitle "CBM 175 Extra"]
[Source "ChessBase"]
[SourceDate "2016.12.12"]
[SourceVersion "1"]
[SourceVersionDate "2016.12.12"]
[SourceQuality "1"]

1. e4 c5 2. Nf3 Nc6 3. d4 cxd4 4. Nxd4 Nf6 5. Nc3 d6 6. Bg5 e6 7. Qd2 a6 8. 0-0-0 h6 9. Be3 Be7 10. f4 Nxd4 11. Bxd4 b5 12. Qe3 Qc7 13. e5 dxe5 14. fxe5 Nd7 15. Ne4 Bb7 16. Nd6+ Qxd6 17. exd6 Bg5 18. Qxg5 hxg5 19. Bxg7 Rh4 20. Bc3 f6 21. h3 Kf7 22. Rg1 Rc8 23. g4 Bd5 24. Kb1 Rc6 25. Bb4 Be4 26. Bd3 Bxd3 27. Rxd3 Rh8 28. Re1 e5 29. b3 Ke6 30. Kb2 Rhc8 31. Rc1 Nc5 32. Bxc5 Rxc5 33. d7 Rd8 34. Rcd1 Rc6 35. a3 Ke7 36. h4 gxh4 37. Rh1 Rxd7 38. Rxd7+ Kxd7 39. Rxh4 Ke6 40. Rh6 Kd5 41. Kc1 Rd6 42. Kd2 Ke4+ 43. Ke2 Kf4 44. Rg6 e4 45. g5 Kf5 46. Rxf6+ Rxf6 47. gxf6 Kxf6 48. Ke3 Ke5 49. c4 bxc4 50. bxc4 a5 51. a4 Kf5 52. c5 1/2-1/2

[Event "BRA-ch U26"]
[Site "Cuiaba"]
[Date "2016.11.03"]
[Round "1"]
[White "Noronha, Natanael Muana C"]
[Black "Shumyatsky, Victor"]
[Result "0-1"]
[WhiteElo "1825"]
[BlackElo "2446"]
[PlyCount "74"]
[EventDate "2016.11.03"]
[EventType "swiss"]
[EventRounds "7"]
[EventCountry "BRA"]
[SourceTitle "CBM 175 Extra"]
[Source "ChessBase"]
[SourceDate "2016.12.12"]
[SourceVersion "1"]
[SourceVersionDate "2016.12.12"]
[SourceQuality "1"]

1. Nf3 c5 2. g3 b6 3. Bg2 Bb7 4. 0-0 Nf6 5. d3 d5 6. Nbd2 e6 7. Re1 Be7 8. c3 0-0 9. Qc2 Nc6 10. e4 Rc8 11. e5 Nd7 12. Nf1 b5 13. h4 d4 14. Qe2 dxc3 15. bxc3 b4 16. c4 Ncxe5 17. Bb2 Bxf3 18. Bxf3 Nxf3+ 19. Qxf3 Bf6 20. Bxf6 Nxf6 21. g4 Qd4 22. g5 Nd7 23. Qg3 Rfd8 24. Rad1 Nf8 25. Ne3 Ng6 26. h5 Ne7 27. Ng4 Nf5 28. Qg2 Qf4 29. Re4 Qxg5 30. Re5 h6 31. f4 Qh4 32. Rxf5 exf5 33. Nxh6+ Kf8 34. Nxf5 Qf6 35. h6 Qxf5 36. Qxg7+ Ke7 37. Re1+ Kd7 0-1

[Event "Brasilia Ascade op"]
[Site "Brasilia"]
[Date "2016.01.29"]
[Round "1"]
[White "Valcarcel, Victor Ignacio Sant"]
[Black "Shumyatsky, Victor"]
[Result "0-1"]
[WhiteElo "1647"]
[BlackElo "2443"]
[PlyCount "120"]
[EventDate "2016.01.29"]
[EventType "swiss"]
[EventRounds "5"]
[EventCountry "BRA"]
[SourceTitle "CBM 170 Extra"]
[Source "ChessBase"]
[SourceDate "2016.02.25"]
[SourceVersion "1"]
[SourceVersionDate "2016.02.25"]
[SourceQuality "1"]

1. e4 c5 2. Nf3 g6 3. d4 Bg7 4. Be3 Nf6 5. Nbd2 cxd4 6. Bxd4 Nc6 7. c3 d6 8. e5 dxe5 9. Bxe5 Nxe5 10. Nxe5 0-0 11. Bc4 e6 12. Ndf3 Nd7 13. Nxd7 Bxd7 14. Qd3 Qc7 15. 0-0 Rfd8 16. Qe2 Rac8 17. Bb5 Bxb5 18. Qxb5 Rd5 19. Qe2 Rcd8 20. Rad1 Qd7 21. Rxd5 Qxd5 22. c4 Qa5 23. b3 Bf6 24. g3 Kg7 25. Rc1 h5 26. h4 b6 27. Rc2 Qf5 28. Kg2 e5 29. Nh2 Be7 30. Rd2 Rxd2 31. Qxd2 Bc5 32. Qe2 e4 33. Nf1 Qe5 34. Ne3 a5 35. Qd2 Qf6 36. Qe2 Qa1 37. Nd5 Qd4 38. Qe1 Kf8 39. Qe2 f6 40. Nc7 Kf7 41. Nd5 b5 42. Ne3 b4 43. Nd5 Qd3 44. Nf4 Qd4 45. Nd5 Kg8 46. Nc7 Qd3 47. Kf1 Qb1+ 48. Kg2 Qd3 49. Kf1 Kf7 50. Nd5 g5 51. Nc7 Qb1+ 52. Kg2 Kg6 53. hxg5 Qd3 54. Ne6 fxg5 55. Kf1 Ba7 56. Nc7 Bb6 57. Nd5 Bc5 58. Nc7 h4 59. gxh4 gxh4 60. Ne6 Qh3+ 0-1

[Event "Cuiaba Contaud op"]
[Site "Cuiaba"]
[Date "2015.08.02"]
[Round "5"]
[White "Shumyatsky, Victor"]
[Black "Vasconcelos, Danilo Nunes"]
[Result "1-0"]
[WhiteElo "2442"]
[BlackElo "1969"]
[PlyCount "47"]
[EventDate "2015.07.31"]
[EventType "swiss"]
[EventRounds "6"]
[EventCountry "BRA"]
[SourceTitle "EXT 2016"]
[Source "ChessBase"]
[SourceDate "2015.10.08"]
[SourceVersion "1"]
[SourceVersionDate "2015.10.08"]
[SourceQuality "1"]

1. e4 c5 2. Nf3 d6 3. d4 cxd4 4. Nxd4 Nf6 5. Nc3 a6 6. h3 e5 7. Nde2 Qa5 8. Bd2 Qc7 9. g4 b5 10. g5 b4 11. gxf6 bxc3 12. Nxc3 gxf6 13. Nd5 Qd8 14. Qf3 Be7 15. Rg1 Nc6 16. Bc3 Be6 17. 0-0-0 Bxd5 18. exd5 Nb8 19. Bd3 Nd7 20. Rg7 Nf8 21. Bxe5 dxe5 22. d6 Bxd6 23. Qc6+ Ke7 24. Bc4 1-0

[Event "BRA-ch U26"]
[Site "Brasilia"]
[Date "2015.06.10"]
[Round "1"]
[White "Shumyatsky, Victor"]
[Black "Gomes, Jose Murilo"]
[Result "1-0"]
[WhiteElo "2437"]
[BlackElo "1899"]
[PlyCount "69"]
[EventDate "2015.06.10"]
[EventType "swiss"]
[EventRounds "7"]
[EventCountry "BRA"]
[SourceTitle "CBM 167 Extra"]
[Source "ChessBase"]
[SourceDate "2015.09.14"]
[SourceVersion "1"]
[SourceVersionDate "2015.09.14"]
[SourceQuality "1"]

1. e4 e5 2. Bc4 Nf6 3. d3 Nc6 4. Nf3 d6 5. Ng5 d5 6. exd5 Na5 7. 0-0 Bd6 8. Bb5+ c6 9. dxc6 Nxc6 10. Ne4 0-0 11. Bxc6 bxc6 12. Bg5 Be7 13. Bxf6 gxf6 14. Ng3 Qd4 15. Nc3 Rb8 16. Rb1 f5 17. Kh1 f4 18. Nge2 Qd7 19. d4 f3 20. gxf3 exd4 21. Qxd4 Qxd4 22. Nxd4 Bf6 23. Nxc6 Bb7 24. Nxb8 Bxf3+ 25. Kg1 Kh8 26. Rfe1 Rg8+ 27. Kf1 Bg2+ 28. Ke2 Re8+ 29. Kd3 Rd8+ 30. Ke3 Bg5+ 31. f4 Bh4 32. Re2 Re8+ 33. Kd2 Rd8+ 34. Kc1 Bf1 35. Nc6 1-0

[Event "BRA-ch Universities"]
[Site "Aracaju"]
[Date "2014.11.01"]
[Round "5"]
[White "Fernandes Filho, Bergson Fragoso"]
[Black "Shumyatsky, Victor"]
[Result "0-1"]
[WhiteElo "2143"]
[BlackElo "2433"]
[PlyCount "70"]
[EventDate "2014.10.30"]
[EventType "swiss"]
[EventRounds "7"]
[EventCountry "BRA"]
[SourceTitle "EXT 2018"]
[Source "ChessBase"]
[SourceDate "2017.10.13"]
[SourceVersion "1"]
[SourceVersionDate "2017.10.13"]
[SourceQuality "1"]

1. e4 c5 2. Nf3 Nc6 3. Bb5 d6 4. d3 Bd7 5. a4 Nf6 6. h3 e6 7. 0-0 a6 8. Bc4 d5 9. exd5 exd5 10. Re1+ Be7 11. Ba2 0-0 12. Nc3 Nb4 13. Bb1 Re8 14. Ne2 Bf5 15. Ng3 Bg6 16. c3 Nc6 17. d4 cxd4 18. Nxd4 Nxd4 19. Bxg6 hxg6 20. Qxd4 Qc7 21. Be3 Rad8 22. Qb6 Qb8 23. Bd4 Bd6 24. Bxf6 gxf6 25. Ne2 Re4 26. Kf1 f5 27. Qb3 Bc5 28. Rad1 Qh2 29. Ng1 Rf4 30. Re2 Qg3 31. Nf3 Rxf3 32. gxf3 Qxf3 33. Ke1 d4 34. Kd2 d3 35. Re5 Qf4+ 0-1

[Event "BRA-ch Universities"]
[Site "Aracaju"]
[Date "2014.10.30"]
[Round "1"]
[White "Kaneda, Eric Kazuichi"]
[Black "Shumyatsky, Victor"]
[Result "0-1"]
[WhiteElo "1832"]
[BlackElo "2433"]
[PlyCount "92"]
[EventDate "2014.10.30"]
[EventType "swiss"]
[EventRounds "7"]
[EventCountry "BRA"]
[SourceTitle "EXT 2018"]
[Source "ChessBase"]
[SourceDate "2017.10.13"]
[SourceVersion "1"]
[SourceVersionDate "2017.10.13"]
[SourceQuality "1"]

1. d4 Nf6 2. Bg5 e6 3. Nd2 h6 4. Bh4 c5 5. e3 d5 6. c3 Nbd7 7. Bg3 b6 8. Bd3 Bb7 9. Ngf3 Be7 10. 0-0 c4 11. Bc2 b5 12. a3 0-0 13. Qe2 Ne4 14. Bxe4 dxe4 15. Ne5 Nxe5 16. Bxe5 f6 17. Bg3 Qd5 18. f3 Qh5 19. Rae1 exf3 20. gxf3 e5 21. f4 Qxe2 22. Rxe2 e4 23. Bh4 g5 24. fxg5 fxg5 25. Bg3 Kg7 26. Be5+ Kg6 27. Ref2 Rxf2 28. Rxf2 Bd5 29. Nf1 Rf8 30. Rxf8 Bxf8 31. Bc7 h5 32. Ng3 h4 33. Ne2 Be6 34. Kg2 Bg4 35. Ng1 Kf5 36. Kf2 Ke6 37. Ne2 Be7 38. Nc1 Kd7 39. Ba5 Bd6 40. Kg1 Bf3 41. Na2 g4 42. Nb4 h3 43. Nd5 g3 44. Nf4 Bxf4 45. exf4 e3 46. hxg3 e2 0-1